Statistics for FIFA 17 Top 10 French Left Back

Click here to take the quiz!

General Stats

  • This quiz has been taken 34 times
  • The average score is 4 of 10

Answer Stats

Rank Player OVA % Correct
1Patrice Evra82
78%
3Layvin Kurzawa81
69%
6Djibril Sidibé79
69%
5Lucas Digne79
56%
4Gael Clichy80
53%
2Benoit Trémoulinas81
38%
9Jordan Amavi76
25%
8Jérémy Morel76
19%
10Ludovic Baal75
16%
7Franck Tabanou77
13%

Score Distribution

Percentile by Number Answered

Percent of People with Each Score

Your Score History

You have not taken this quiz